[Event "Posadas op"]
[Site "Posadas"]
[Date "2022.10.29"]
[Round "3"]
[White "Carlino, Esteban Ezequiel"]
[Black "Demonari, Orlando"]
[Result "1-0"]
[WhiteElo "1829"]
[BlackElo "1687"]
[PlyCount "97"]
[EventDate "2022.10.29"]
[EventType "swiss"]
[EventRounds "6"]
[EventCountry "ARG"]
[SourceTitle "EXT 2024"]
[Source "ChessBase"]
[SourceDate "2023.10.10"]
[SourceVersion "1"]
[SourceVersionDate "2023.10.10"]
[SourceQuality "1"]

1. c4 c5 2. Nf3 Nc6 3. g3 Nf6 4. Nc3 g6 5. Bg2 Bg7 6. 0-0 d6 7. d3 0-0 8. Bg5 h6 9. Bd2 Kh7 10. a3 a6 11. Rb1 Rb8 12. b4 Nd4 13. Ne1 Bd7 14. e3 cxb4 15. axb4 Ne6 16. d4 Nc7 17. Nd3 b5 18. c5 Be6 19. Re1 Bc4 20. Nb2 dxc5 21. bxc5 Be6 22. Nd3 Nfd5 23. Nxd5 Bxd5 24. Ba5 Bxg2 25. Kxg2 Qc8 26. Qf3 Na8 27. Nb4 e6 28. Rbd1 Kg8 29. Re2 Re8 30. Rc2 h5 31. h4 Bf8 32. Qc6 Qxc6+ 33. Nxc6 Rb7 34. Nb4 Ra7 35. e4 Rc8 36. f4 Be7 37. Kf3 Kg7 38. Ke3 Kf8 39. Rdc1 Ke8 40. d5 exd5 41. exd5 Nc7 42. d6 Bd8 43. dxc7 Bxc7 44. Bxc7 Rcxc7 45. Nd5 Rc6 46. Rb1 Kd7 47. Kd4 f6 48. Re1 Kd8 49. Rce2 1-0

[Event "San Antonio de Obligado op"]
[Site "San Antonio de Obligado"]
[Date "2022.10.10"]
[Round "5"]
[White "Demonari, Orlando"]
[Black "Parana, Nicolas"]
[Result "0-1"]
[WhiteElo "1687"]
[BlackElo "1474"]
[PlyCount "118"]
[EventDate "2022.10.08"]
[EventType "swiss"]
[EventRounds "6"]
[EventCountry "ARG"]
[SourceTitle "CBM 210 Extra"]
[Source "ChessBase"]
[SourceDate "2022.11.30"]
[SourceVersion "1"]
[SourceVersionDate "2022.11.30"]
[SourceQuality "1"]

1. Nf3 d5 2. d4 Nf6 3. c3 Bf5 4. Nbd2 e6 5. g3 Nbd7 6. Bg2 Bd6 7. 0-0 Qe7 8. Qa4 c6 9. a3 Ne4 10. Re1 h5 11. Nh4 Bh7 12. Nxe4 dxe4 13. Bh1 g5 14. Ng2 Bg6 15. h4 f6 16. Qb3 0-0-0 17. Qa4 Kb8 18. c4 Rdg8 19. b4 Be8 20. c5 Bc7 21. Qb3 Nf8 22. Kf1 Bd7 23. a4 e5 24. dxe5 Bxe5 25. Ra3 Be6 26. Qc2 Bd5 27. Rd1 Qe6 28. b5 Qh3 29. Kg1 gxh4 30. Nf4 Qf5 31. Bg2 hxg3 32. fxg3 h4 33. Bh3 Rg4 34. Nxd5 hxg3 35. Nf4 Rxh3 36. Nxh3 Rh4 37. Nf4 Rh1+ 38. Kg2 Rh2+ 39. Kg1 Qh7 40. Rxg3 Rh1+ 41. Kf2 e3+ 42. Bxe3 Rh2+ 43. Kf3 Qxc2 44. Rd8+ Kc7 45. Rxf8 Rh7 46. Rgg8 Bxf4 47. Bxf4+ Kd7 48. Rd8+ Ke6 49. Rge8+ Re7 50. Rd6+ Kf7 51. Rxe7+ Kxe7 52. bxc6 bxc6 53. Rxc6 Qxa4 54. Rc7+ Ke6 55. e3 Kf5 56. c6 Qd1+ 57. Kf2 a5 58. Kg3 a4 59. Rd7 Qg1+ 0-1

[Event "San Antonio de Obligado op"]
[Site "San Antonio de Obligado"]
[Date "2022.10.08"]
[Round "2"]
[White "Jimenez, Maria Jose"]
[Black "Demonari, Orlando"]
[Result "1-0"]
[WhiteElo "1495"]
[BlackElo "1687"]
[PlyCount "113"]
[EventDate "2022.10.08"]
[EventType "swiss"]
[EventRounds "6"]
[EventCountry "ARG"]
[SourceTitle "CBM 210 Extra"]
[Source "ChessBase"]
[SourceDate "2022.11.30"]
[SourceVersion "1"]
[SourceVersionDate "2022.11.30"]
[SourceQuality "1"]

1. e4 c5 2. Nf3 d6 3. d4 cxd4 4. Nxd4 a6 5. Nc3 e6 6. Be3 Nf6 7. f3 Be7 8. Qd2 Bd7 9. Bc4 Qc8 10. Bb3 b5 11. a3 Qb7 12. 0-0 0-0 13. Qf2 Nc6 14. Nxc6 Qxc6 15. Ne2 Rfe8 16. Nd4 Qc7 17. Rad1 Rad8 18. Rfe1 Rb8 19. c3 Qc8 20. Bc2 g6 21. h3 e5 22. Ne2 Be6 23. f4 Bc4 24. Qf3 Bxe2 25. Rxe2 Rf8 26. f5 Kg7 27. g4 h6 28. g5 hxg5 29. Bxg5 Qd8 30. Rg2 Nh5 31. Bxe7 Qxe7 32. Qxh5 Rh8 33. Qg4 Rh4 34. Qg3 Rbh8 35. Rh2 g5 36. Rf1 f6 37. Re1 Qa7+ 38. Qe3 Qc7 39. Bb3 Kf8 40. Qd3 Qc5+ 41. Kg2 Ke7 42. Reh1 Rf4 43. Rf1 Rfh4 44. Qd5 Qxd5 45. Bxd5 Kd7 46. Rc1 Kc7 47. c4 bxc4 48. Rxc4+ Kd7 49. Rh1 g4 50. Be6+ Kd8 51. Rc8+ Ke7 52. Rxh8 Rxh8 53. hxg4 Rb8 54. Rh7+ Kd8 55. Rh8+ Kc7 56. Rxb8 Kxb8 57. g5 1-0